Men's Tennis Rankings 2026 - Statistics

General Stats
  • This quiz has been taken 10,626 times
    1,691 since last reset
  • The average score is 23 of 32
Answer Stats
Ranking Country Player % Correct
1. Spain Carlos Alcaraz
100%
2. Italy Jannik Sinner
99%
4. Serbia Novak Djoković
99%
3. Germany Alexander Zverev
98%
7. Australia Alex de Minaur
92%
13. Russia Daniil Medvedev
92%
6. United States Taylor Fritz
92%
12. Norway Casper Ruud
91%
8. Italy Lorenzo Musetti
89%
9. United States Ben Shelton
88%
5. Canada Félix Auger-Aliassime
87%
11. Kazakhstan Alexander Bublik
85%
10. United Kingdom Jack Draper
84%
15. Denmark Holger Rune
82%
16. Russia Andrey Rublev
79%
24. Brazil João Fonseca
72%
30. United States Frances Tiafoe
69%
19. Czech Republic Jakub Menšík
69%
17. Russia Karen Khachanov
67%
20 United States Tommy Paul
65%
31. Monaco Valentin Vacherot
64%
22. Italy Flavio Cobolli
61%
21. Argentinia Francisco Cerúndolo
61%
14. Spain Alejandro Davidovich Fokina
58%
18. Czech Republic Jiří Lehečka
56%
23. Canada Denis Shapovalov
55%
27. United Kingdom Cameron Norrie
52%
26. Netherlands Tallon Griekspoor
50%
32. Czech Republic Tomáš Macháč
49%
25. Italy Luciano Darderi
45%
29. France Arthur Rinderknech
43%
28. United States Learner Tien
43%
No matching quizzes found
Score Distribution
Percent of People with Each Score
Percentile by Number Answered
Your Score History
You have not taken this quiz since the last reset